00000000nam 2200000zi 4500
0019.922165
003CaOODSP
00520230601154216
006m     o  d f      
007cr bn|||||||||
008230502s2023    onc     ol   f000 0 eng d
040 |aCaOODSP|beng|erda|cCaOODSP
0410 |aeng|afre
043 |an-cn---
0861 |aXB441-331/1-PDF
1101 |aCanada. |bParliament. |bHouse of Commons, |eissuing body.
24513|aAn Act to amend the Canadian Security Intelligence Service Act (duty of candour) = |bLoi modifiant la Loi sur le Service canadien du renseignement de sécurité (obligation de franchise).
24631|aLoi modifiant la Loi sur le Service canadien du renseignement de sécurité (obligation de franchise)
264 1|a[Ottawa] : |bHouse of Commons of Canada = Chambre des communes du Canada, |c2023.
300 |a1 online resource (ii, 2 pages).
336 |atext|btxt|2rdacontent
337 |acomputer|bc|2rdamedia
338 |aonline resource|bcr|2rdacarrier
4901 |aBill C-... ; |vBill C-331, 1st Session, 44th Parliament
500 |a"First Session, Forty-fourth Parliament, 70-71 Elizabeth II - 1 Charles III, 2021-2022-2023."
500 |a"First reading, May 2, 2023."
500 |a"Mrs. Zahid."
520 |a"This enactment amends the Canadian Security Intelligence Service Act to provide that the Canadian Security Intelligence Service shall report on breaches of its duty of candour to the courts. It also amends the oath of office taken by the Director and employees to include a solemn promise to fulfill that duty"--Summary, page ii.
546 |aText in English and French.
61010|aCanada. |tCanadian Security Intelligence Service Act.
61020|aCanadian Security Intelligence Service.
650 0|aIntelligence service|xLaw and legislation|zCanada.
650 0|aWarrants (Law)|zCanada.
650 0|aOaths|zCanada.
655 7|aLegislative bills|2lcgft
792 |tAn Act to amend the Canadian Security Intelligence Service Act (duty of candour) = |efre|w(CaOODSP)9.922167
830#0|aBill C-...|vBill C-331, 1st Session, 44th Parliament.|w(CaOODSP)9.500659
85640|qPDF|s127 KB|uhttps://publications.gc.ca/collections/collection_2023/parl/XB441-331-1.pdf
8564 |qHTML|sN/A|uhttps://www.parl.ca/DocumentViewer/en/44-1/bill/C-331/first-reading?col=2